Normal view
MARC view
- Dela Cruz, Anne Ruth
Entry Personal Name
001 - CONTROL NUMBER
- control field: 33485
003 - CONTROL NUMBER IDENTIFIER
- control field: OSt
005 - DATE AND TIME OF LATEST TRANSACTION
- control field: 20181220133010.0
008 - FIXED-LENGTH DATA ELEMENTS
- fixed length control field: 181220|| aca||aabn | a|a d
040 ## - CATALOGING SOURCE
- Original cataloging agency: OSt
- Transcribing agency: OSt
100 ## - HEADING--PERSONAL NAME
- Personal name: Dela Cruz, Anne Ruth
670 ## - SOURCE DATA FOUND
- Source citation: Work cat.: (OSt)11695: Dela Cruz, Anne Ruth , Juicing your way to health /
